Badly drawn Valorant Team Logos - Statistics

General Stats
  • This quiz has been taken 1,231 times
  • The average score is 16 of 17
Answer Stats
Picture Answer % Correct
100 Thieves
99%
Cloud9
99%
G2 Esports
99%
Sentinels
98%
T1
98%
Team Liquid
98%
Gen.G
97%
Paper Rex
97%
DRX
96%
LOUD
96%
KOI
95%
Wolves Esports
93%
Team Secret
92%
Rex Regum Qeon
88%
ZETA DIVISION
87%
Trace Esports
85%
Bleed Esports
80%
No matching quizzes found
Score Distribution
Percent of People with Each Score
Percentile by Number Answered
Your Score History
You have not taken this quiz